| 000 | 00393nam a22001577a 4500 | ||
|---|---|---|---|
| 003 | OSt | ||
| 005 | 20240905093228.0 | ||
| 007 | 219 Pages | ||
| 008 | 240905b |||||||| |||| 00| 0 eng d | ||
| 020 | _a9788194790839 | ||
| 040 | _c | ||
| 082 |
_a154.2 _bMUR |
||
| 245 |
_aPower of your subconscious mind _cMurphy,Joseph |
||
| 260 |
_bsrishti Publishers _c2020 |
||
| 942 |
_2ddc _cBK _k154.2 _mMUR _n0 |
||
| 999 |
_c36081 _d36081 |
||